000 00655cab a2200229 4500
001 X2984
008 090401t1995 xxu||||| |||| 00| 0 eng d
035 _a(Sirsi) u27700
041 _aeng
245 _aStatus of the `precautionary principle`in law
260 _c1995
350 _a0
490 _aJournal of Environmental Law
_v7(2) 1995, 224-244(21)
520 _aDiscusses "R v SoS Trade and Industry ex parte Duddridge" QBD 4 October 1994.
650 _aELECTRICITY ACT 1989
650 _aELECTROMAGNETIC FIELDS
650 _aHEALTH AND SAFETY
_96244
650 _aRADIATION LEVELS
690 _aLAW
942 _n0
948 _c04/03/1997
999 _c18656
_d18656